|
|
|
|
| LEADER |
00000nab a2200000 ar4500 |
| 001 |
vtls010445168 |
| 003 |
SK-MaSNL |
| 005 |
20260303213118.0 |
| 008 |
120831c2012 xo mr|p|||||||000 b|slo |
| 038 |
|
|
|a PPPK
|
| 040 |
|
|
|a PPPKCL
|b slo
|c PPPKCL
|e AACR2
|
| 041 |
0 |
|
|a slo
|
| 044 |
|
|
|a xo
|c SK
|
| 080 |
|
|
|a 373.5/.6+377.1/.3
|2 2001
|
| 080 |
|
|
|a 641/642:7.092
|2 2001
|
| 080 |
|
|
|a 641.526.3:7.092
|2 2001
|
| 245 |
0 |
0 |
|a Oheň náš darca
|c [text a foto] HAOB
|
| 300 |
|
|
|b Fotogr.
|
| 610 |
2 |
7 |
|a Hotelová akadémia Otta Brucknera (Kežmarok, Slovensko)
|2 pppkcl
|9 32584
|
| 611 |
2 |
7 |
|a Oheň - náš darca
|g súťaž
|n (6. :
|d 2012 :
|c Kežmarok, Slovensko)
|2 pppkcl
|9 1246239
|
| 648 |
|
7 |
|a 7.6.2012
|2 pppkcl
|9 1246598
|
| 650 |
0 |
7 |
|a stredné školy
|2 pppkcl
|9 1279
|
| 650 |
0 |
7 |
|a gastronómia
|2 pppkcl
|9 1604
|
| 650 |
0 |
7 |
|a grilovanie
|2 pppkcl
|9 73444
|
| 650 |
0 |
7 |
|a súťaže
|2 pppkcl
|9 3301
|
| 651 |
|
7 |
|a Kežmarok (Slovensko)
|2 pppkcl
|9 26808
|
| 773 |
0 |
|
|t Kežmarok
|g Roč. XX, č. 12 (2012), s. 7
|
| 852 |
|
|
|a PPPK
|b KIS3GCP
|
| 999 |
|
|
|c 2210674
|d 2212604
|